| 000 | 01080nam a2200241 i 4500 | ||
|---|---|---|---|
| 001 | 110740 | ||
| 003 | ES-MaACL | ||
| 007 | t| | ||
| 008 | 070124s1929 sp ||||1| spa d | ||
| 080 | _a347.961 | ||
| 100 | 1 |
_aAzpeitia Esteban, Mateo. _924345 |
|
| 245 | 1 | 0 |
_aDerecho notarial extranjero _b: organización y régimen del Notariado en algunas naciones de Europa y América / _cpor Mateo Azpeitia Esteban. |
| 260 |
_aMadrid : _bHijos de Reus, _c1929. |
||
| 300 |
_a2 v. ; _c23 cm. |
||
| 490 | 1 |
_aBiblioteca jurídica de autores españoles y extranjeros ; _v131,136 |
|
| 504 | _aContiene: t. 1. Portugal.(E-3113).-- t. 2. Italia: texto revisado y corregido / por G.B. Curti-Pasini, Apéndice: Líneas generales del notariado de Andorra, Mónaco y Suiza de tipo profesional / por G.B. Curti-Pasini.(E-3118) | ||
| 650 | 1 | 7 |
_aNotariado _2embne _915597 |
| 700 | 1 |
_aCurti-Pasini, G. B. _942240 |
|
| 830 | 0 |
_aBiblioteca jurídica de autores españoles y extranjeros ; _v131,136 _9182228 |
|
| 852 |
_aES-MaACL _jE-3113 |
||
| 852 |
_aES-MaACL _jE-3118 |
||
| 999 |
_c110740 _d110740 |
||